000
00238nam a22000857a 4500
008
160924b xxu||||| |||| 00| 0 eng d
100
_9
733
_a
Aggarwal.N.K.
245
_a
Great Fun With Grammar-7
260
_a
New Delhi
_b
Macmilan Publications
_c
2012
999
_c
3390
_d
3390